000 00892cam a22002291 4500
001 gs 15000983
003 DLC
005 20260227111318.0
008 770317s1915 dcuabf f000 0 eng c
010 _ags 15000983
040 _aU.S. Geol. survey. Libr. (200)E no. 608
_cak
_dDLC
043 _an-us-ak
050 0 0 _aQE75
_b.B9 no. 608
051 _aQE84.B7
_bM7
_cCopy 2.
100 1 _aMoffit, Fred H.
_q(Fred Howard),
_d1874-1958?
245 1 4 _aThe Broad Pass region, Alaska,
_cby Fred H. Moffit; with sections on Quaternary deposits, igneous rocks and glaciation, by Joseph E. Pogue.
260 _aWashington,
_bGovt. print. off.,
_c1915.
300 _a80 p.
_billus., plates (part fold.) 2 fold. maps (in pocket)
_c24 cm.
490 0 _aUnited States. Geological survey. Bulletin 608
650 0 _aGeology
_zAlaska.
700 1 _aPogue, Joseph E.
_q(Joseph Ezekiel),
_d1887-
_ejoint author.
999 _c25611
_d25611